1. mezinárodní konference o nových směrech ve výrobě sazby : 27. a 28. dubna 1967 v Praze /

Další autoři: Nepovim, Josef
Jazyk: Čeština
Vydáno: Praha : Dům techniky ČSVTS, 1967.
Fyzický popis: 1 sv. (různé stránkování)
Knihy
Uloženo v:
LEADER 00754nam a2200193 a 4500
001 000654880
003 CZ BrMZK
005 20030227130621.0
008 030224s1967 xr f cze d
040 |a BOA001  |b cze  |c BOA001 
080 |a 681.62.06(061.3)  |2 MRF 
245 0 0 |a 1. mezinárodní konference o nových směrech ve výrobě sazby :  |b 27. a 28. dubna 1967 v Praze /  |c redigoval Josef Nepovím 
246 3 3 |a První mezinárodní konference o nových směrech ve výrobě sazby 
260 |a Praha :  |b Dům techniky ČSVTS,  |c 1967. 
300 |a 1 sv. (různé stránkování) 
700 1 |a Nepovim, Josef  |4 edt 
910 |a BOA001  |b TK-A-0149.374 
990 |a BK 
996 6 |b BC-79765  |c TK-A-0149.374  |l MZK  |r Sklad / do 24 hodin  |n 0  |w 000654880  |u 000010  |a 1  |e BOA001  |j MZK50  |s P